MARC

LEADER 00000nam0a2200000 4500
001 337904
005 20231102005010.0
035 |a (RuTPU)RU\TPU\book\364392 
090 |a 337904 
100 |a 20171115d1963 m y0rusy50 ca 
101 0 |a rus 
102 |a RU 
105 |a a j 001zy 
200 1 |a Системы приборов инерциальной навигации  |e учебное пособие для вузов  |f Н. И. Ефремов  |g Военно-морская академия кораблестроения и вооружения им. А. Н. Крылова 
210 |a Ленинград  |c [Б. и.]  |d 1963 
215 |a 169 с.  |c ил. 
320 |a Библиогр.: с. 167-168 
606 1 |a Инерциональные ориентировки  |2 stltpush  |3 (RuTPU)RU\TPU\subj\12562  |9 39325 
610 1 |a судовые приборы 
610 1 |a навигационное оборудование 
610 1 |a навигационные измерения 
610 1 |a навигационные инструменты 
610 1 |a инерциальные методы 
610 1 |a инерциальные системы 
610 1 |a инерциональная навигация 
610 1 |a коррекция 
610 1 |a учебные пособия 
675 |a 629.12.05(075.8)  |v 4 
700 1 |a Ефремов  |b Н. И. 
712 0 2 |a Военно-морская академия кораблестроения и вооружения им. А. Н. Крылова  |c (Ленинград)  |c (1945-1960)  |2 stltpush  |3 (RuTPU)RU\TPU\col\20997  |9 27862 
801 1 |a RU  |b 63413507  |c 20171115 
801 2 |a RU  |b 63413507  |c 20171206  |g RCR 
942 |c BK